000 00342nam a2200145Ia 4500
008 230312s9999||||xx |||||||||||||| ||und||
020 _a8121931002
082 _a621
_bKHU-E
100 _aKhurmi, R. S.
245 0 _aEngineering Mechanics
260 _bS. Chand & Company Ltd
_aIndia
546 _aEng.
650 _aEngineering
942 _cBK
999 _c6148
_d6148